LEADER 01121nam a2200265 4500 001 000000347420 003 CaOOAMICUS 005 20210825101356.0 008 210825s2021 it a 000 u ita r 020 $a978-88-922256-9-5 040 $aSeMil$bita 100 1 $aDoria, Anna.$0(OLS)http://semarc/name/114475 245 10$aPedro Poveda :$bun dialogo fede-cultura /$cAnna Doria. 264 1$aCinisello Balsamo :$bSan Paolo,$c2021. 300 $a95 p., [8] carte di tav. :$bill. ;$c21 cm 490 1 $aI protagonisti ;$v191 600 14$aPoveda Castroverde, Pedro .$0(OLS)http://semarc/subject/16102 830 2$aI protagonisti ;$v191.$0(OLS)http://semarc/title/5908 850 $aSeMil 852 $aSeMil$W1$xVenegono$y1$m3G II 550$j229040$B238494$CSeMilBibl$Z2$F238494 $81 961 $aBraccini Anna Maria - Omaggio 996 $6020$a978-88-922256-9-5$9(OLS)http://semarc/number/293891 996 $6245$aPedro Poveda :$bun dialogo fede-cultura$9(OLS)http://semarc/title/436695 996 $6264$aCinisello Balsamo :$bSan Paolo$9(OLS)http://semarc/publisher/30129 LEADER 01220nam a2200289 i 4500 001 000000112737 003 CaOOAMICUS 005 20030227000000.0 008 030227s1991 it u000 u ita u 013 $a85421 020 $a88-211-9582-1 040 $aSeMil$bita 100 1 $aBori, Pier Cesare,$d<1937-2012>.$0(OLS)http://semarc/name/23603 245 10$aPer un consenso etico tra culture :$btesi sulla lettura secolare delle scritture ebraico-cristiane /$cPier Cesare Bori. 260 $aGenova :$bMarietti,$c1991. 300 $a93 p. ;$c21 cm. 490 0 $aOrigini ;$v1 500 $aFondo Card. C.M. Martini. 650 4$aBibbia - Interpretazione.$0(OLS)http://semarc/subject/1295 830 0$aOrigini ;$v1.$0(OLS)http://semarc/title/11558 850 $aSeMil 852 $aSeMil$W1$xVenegono$y1$m2V III 298$j270700$B68457$CSeMilBibl$Z2$F100098 $81 941 1 $a4 961 $aOmaggio: Martini Card. Carlo Maria 996 $6020$a88-211-9582-1$9(OLS)http://semarc/number/95389 996 $6245$aPer un consenso etico tra culture :$btesi sulla lettura secolare delle scritture ebraico-cristiane$9(OLS)http://semarc/title/164394 996 $6260$aGenova :$bMarietti$9(OLS)http://semarc/publisher/29997